| 000 | 00585nam a2200193 i 4500 | ||
|---|---|---|---|
| 001 | 21752 | ||
| 003 | ES-MaACL | ||
| 005 | 20251017063042.0 | ||
| 007 | t| | ||
| 008 | 021127s1975 sp ||||1| spa d | ||
| 100 | 1 |
_aAlcina, Juan, _d1917-1998 _9160313 |
|
| 245 | 1 | 0 |
_aGramática española / _cJuan Alcina Franch, José Manuel Blecua. |
| 260 |
_aBarcelona : _bAriel, _c[1975] |
||
| 300 |
_a1244 p. ; _c21 cm. |
||
| 650 | 4 |
_aLengua española- _xGramática. _914161 |
|
| 700 | 0 |
_aBlecua, José Manuel. _929459 |
|
| 852 |
_aES-MaACL _jE-9530 _bR.93885 |
||
| 999 |
_c21752 _d21752 |
||